000
00216 a2200109 4500
001
44144
040
_c
Anchieta - Aquarius
240
1
0
_a
Cante com Doki
_l
245
1
0
_a
Cante com Doki
650
4
_a
Música
942
_c
MU
999
_c
44144
_d
44144